00826nam a22001097a 4500008004100000100001900041245007300060260002300133300003600156520050100192773002300693251216b ||||| |||| 00| 0 eng d aKoves, Margit  aLukacs on the destruction of reason: Before and after world war II  aSocial Scientist  a53(7-8), Jul-Aug, 2025: p.15-22 a In a biographical interview titled record of a life that was undertaken by his Hungarian translate; Istvain Eirsi Lukacs speaks about the historical conditions under which the destructing of reason was written. He speaks about the manuscript that was written during the war. He also speaks about the work he was doing at the mars angles Institute in Moscow and at the journal litertrunii Kritik, his arrest by the KGB and his incarceration for two luck a at time of catastrophes. – Reproduced  aSocial Scientist